000 00725nab#a2200217#c#4500
999 _c122247
_d122247
003 IEF
005 20191210185132.0
008 950704s1975 uuu|| #####0 b| |u
040 _aIEF
_cES-MaIEF
100 1 _aLagares Calvo, Manuel Jesús
_924628
245 _aAlgunos aspectos de interés en la aplicación de modelos econométricos a la política fiscal
_c Manuel J. Lagares Calvo, José V. Sevilla Segura
260 _c1975
500 _aConclusiones,Bibliografía
650 4 _aPOLITICA FISCAL
_948067
650 4 _aMODELOS ECONOMETRICOS
_947776
700 _940905
_aSevilla Segura, José Víctor
773 0 _tHacienda pública española
_w34570
_g37, p. 31-39
942 _2udc
942 _2udc